000 00741cam a2200241u 4500
001 9882
003 BD-RjUL
005 20211208234845.0
008 140122r19621942enka 000 0 eng d
035 _a(BD-RjUL)9927
040 _aDLC
_cCarP
_dDLC
_d(BD-RjUL)
_beng
041 _aeng
082 0 0 _220
_a537
_bWIT
100 1 _aWilman, Charles Wilfrid. [from old catalog]
_930534
245 1 0 _aTeach yourself electricity /
_cWilman, Charles Wilfrid.
260 _aLondon :
_bThe English universities press ,
_c[1942] [Imperetion 1962]
300 _ax, 11-184 p. :
_bdiagrs. ;
_c18 cm.
650 0 _aElectricity.
_930535
650 0 _aElectrical engineering.
_930536
942 _2ddc
_cBK
999 _c9882
_d9882